مكتبة جامعة عجلون الوطنية

فهرس بحث المكتبة

الاقتصاد الاخضر من النظري الى التطبيق = Greeen Economy / (Record no. 33200)

MARC details
000 -LEADER
fixed length control field 00774nam a22002057a 4500
003 - CONTROL NUMBER IDENTIFIER
control field JO-AjAnu
005 - DATE AND TIME OF LATEST TRANSACTION
control field 20231129125456.0
008 - FIXED-LENGTH DATA ELEMENTS--GENERAL INFORMATION
fixed length control field 231129b jo ||||| |||| 00| 0 ara d
020 ## - INTERNATIONAL STANDARD BOOK NUMBER
International Standard Book Number 9789957353384
040 ## - CATALOGING SOURCE
Original cataloging agency JO-AjAnu
Language of cataloging ARA
Transcribing agency JO-AjAnu
Modifying agency JO-AjAnu
041 #0 - LANGUAGE CODE
Language code of text/sound track or separate title ARA
Language code of original ARA
050 ## - LIBRARY OF CONGRESS CALL NUMBER
Classification number HB9
100 #1 - MAIN ENTRY--PERSONAL NAME
Personal name بكدي، فاطمة
9 (RLIN) 64553
Relator term مؤلف
245 #0 - TITLE STATEMENT
Title الاقتصاد الاخضر من النظري الى التطبيق = Greeen Economy /
Statement of responsibility, etc. فاطمة بكدي
260 ## - PUBLICATION, DISTRIBUTION, ETC.
Place of publication, distribution, etc. عمان :
Name of publisher, distributor, etc. مركز الكتاب الاكاديمي،
300 ## - PHYSICAL DESCRIPTION
Extent 270 صفحة
500 ## - GENERAL NOTE
General note يحتوي على مراجع باللغتين العربية والانجليزية
650 40 - SUBJECT ADDED ENTRY--TOPICAL TERM
Topical term or geographic name entry element الاقتصاد-فلسفة
9 (RLIN) 64554
Form subdivision الاقتصاد-فلسفة
942 ## - ADDED ENTRY ELEMENTS (KOHA)
Source of classification or shelving scheme Library of Congress Classification
Koha item type Books
Suppress in OPAC No
Holdings
Withdrawn status Lost status Source of classification or shelving scheme Damaged status Not for loan Home library Current library Date acquired Total Checkouts Full call number Barcode Date last seen Price effective from Koha item type
    Library of Congress Classification     مكتبة جامعة عجلون الوطنية مكتبة جامعة عجلون الوطنية 29/11/2023   HB9 A29626 29/11/2023 29/11/2023 Books
    Library of Congress Classification     مكتبة جامعة عجلون الوطنية مكتبة جامعة عجلون الوطنية 29/11/2023   HB9 A29627 29/11/2023 29/11/2023 Books